Výhody a nevýhody jednotlivých foriem presadenia sa na zahraničnom trhu - cez export, založenie vlastnej pobočky alebo joint ventures diplomová práca

Guardado en:
Detalles Bibliográficos
Autor principal: Ružiaková, Zuzana
Autor Corporativo: Obchodná fakulta EU. Katedra medzinárodného obchodu
Otros Autores: Pásztorová, Janka, 1960-
Formato: Libro
Lenguaje:eslovaco
Publicado: Bratislava 2018
Etiquetas: Agregar Etiqueta
Sin Etiquetas, Sea el primero en etiquetar este registro!

MARC

LEADER 00000nbm a2200000 4500
001 0243358
005 20181003113341.2
041 0 |a slo 
044 |a SK 
245 1 0 |a Výhody a nevýhody jednotlivých foriem presadenia sa na zahraničnom trhu - cez export, založenie vlastnej pobočky alebo joint ventures  |b diplomová práca  |c Zuzana Ružiaková ; školiteľ: Janka Pásztorová 
264 1 |a Bratislava  |c 2018 
300 |a 70 s. 
100 1 |a Ružiaková, Zuzana 
700 1 |a Pásztorová, Janka, 1960- 
710 2 |a Obchodná fakulta EU. Katedra medzinárodného obchodu